| 000 | 00613nam a2200169Ia 4500 | ||
|---|---|---|---|
| 008 | 090201s9999 xx 000 0 und d | ||
| 010 | _aKPL-60654 | ||
| 040 | _bमराठी | ||
| 041 | _aमराठी | ||
| 082 |
_a1977 _b60654 |
||
| 100 | _aचंद्रकंात बर्वे | ||
| 245 |
_aआकाशवाणी शपथ खरं सांगेन _cचंद्रकंात बर्वे |
||
| 260 |
_c2004 _bनीलकंठ प्रकाशन |
||
| 300 |
_a136 _bमोठा |
||
| 600 | _aआकाशवाणी शपथ खरं सांगेन | ||
| 942 | _cBOOK | ||
| 999 |
_c203065 _d203065 |
||